| 000 | 00715nam a2200193 a 4500 | ||
|---|---|---|---|
| 008 | 130408s2010 ||||||||||||||||| || u | ||
| 020 | _a9781444103113 | ||
| 050 | _aQE 534.2 Rot | ||
| 100 | _aRothery, David A | ||
| 245 | 1 | 0 |
_aVolcanoes, Earthquakes and Tsunamis _cby David A. Rothery |
| 260 |
_aLondon: _bHodder Education _c2010 |
||
| 300 | _axvii, 362p.: ill. | ||
| 490 | _aTeach yourself | ||
| 650 | _aGEOLOGY--STUDY AND TEACHING | ||
| 650 | _aVOLCANOES | ||
| 650 | _aENVIRONMENTAL EDUCATION--AFRICA, SOUTHERN--CONGRESSES | ||
| 650 | _aTSUNAMIS | ||
| 995 |
_FCBU-MAIN LIBRARY (Kitwe) _M1 _UAVAILABLE _WJun 14, 2013 _ZMain Library Open Access Collection |
||
| 999 |
_c61376 _d61376 |
||